[Event "GER Seniors Derby 14th"]
[Site "Wesel Undeloh"]
[Date "2015.04.17"]
[Round "6"]
[White "Schwartl, Helmut"]
[Black "Baeumler, Nikolai"]
[Result "1/2-1/2"]
[WhiteElo "1792"]
[BlackElo "1623"]
[PlyCount "89"]
[EventDate "2015.04.15"]
[EventType "swiss"]
[EventRounds "9"]
[EventCountry "GER"]
[SourceTitle "EXT 2018"]
[Source "ChessBase"]
[SourceDate "2017.10.13"]
[SourceVersion "1"]
[SourceVersionDate "2017.10.13"]
[SourceQuality "1"]

1. d4 Nf6 2. Nf3 e6 3. e3 b6 4. b3 Bb7 5. Be2 c5 6. 0-0 Qc7 7. Bb2 cxd4 8. Nxd4 a6 9. c4 Be7 10. Nc3 0-0 11. Rc1 d6 12. Na4 Nbd7 13. Qc2 Nc5 14. Nc3 Rac8 15. Rfd1 Rfd8 16. a3 d5 17. cxd5 Nxd5 18. Nxd5 Rxd5 19. b4 Rg5 20. Nf3 Be4 21. Qd2 Rd8 22. Qe1 Rh5 23. Rxd8+ Bxd8 24. h3 Bxf3 25. Bxf3 Nd3 26. Rxc7 Nxe1 27. Rc8 Nxf3+ 28. gxf3 Rd5 29. Bd4 Kf8 30. Bxb6 Ke7 31. Bc5+ Kd7 32. Ra8 Rg5+ 33. Kf1 a5 34. Ra7+ Ke8 35. f4 Rh5 36. e4 axb4 37. axb4 Rxh3 38. Be3 Rh1+ 39. Ke2 Rb1 40. Bc5 h5 41. Kf3 Rb3+ 42. Kg2 h4 43. Ra8 Kd7 44. Ra7+ Ke8 45. Ra8 1/2-1/2

[Event "GER Seniors Derby 14th"]
[Site "Wesel Undeloh"]
[Date "2015.04.16"]
[Round "3"]
[White "Friedel, Roland"]
[Black "Schwartl, Helmut"]
[Result "1/2-1/2"]
[WhiteElo "1570"]
[BlackElo "1792"]
[PlyCount "69"]
[EventDate "2015.04.15"]
[EventType "swiss"]
[EventRounds "9"]
[EventCountry "GER"]
[SourceTitle "EXT 2018"]
[Source "ChessBase"]
[SourceDate "2017.10.13"]
[SourceVersion "1"]
[SourceVersionDate "2017.10.13"]
[SourceQuality "1"]

1. d4 d6 2. Nf3 Nd7 3. e4 e5 4. c3 Ngf6 5. Qc2 h6 6. Bc4 g6 7. 0-0 Bg7 8. Nbd2 0-0 9. Re1 c6 10. dxe5 dxe5 11. Nf1 a5 12. Ng3 Qc7 13. h3 Nc5 14. Nh2 Ne6 15. Be3 b5 16. Bf1 Re8 17. f3 Nf4 18. Ng4 h5 19. Nxf6+ Bxf6 20. Ne2 Ne6 21. Red1 Ng7 22. Rd2 Be6 23. b3 a4 24. b4 h4 25. Rad1 Rad8 26. Rxd8 Rxd8 27. Rxd8+ Qxd8 28. a3 Bg5 29. Qc1 Bxe3+ 30. Qxe3 Nh5 31. Kf2 Bc4 32. Ke1 Nf4 33. Nxf4 exf4 34. Qf2 Bxf1 35. Qxf1 1/2-1/2